Vlastnosti projektového manažera ve stavební firmě
Hodnotenie konkurencieschopnosti stavebnej firmy. Projektové riadenie ako nástroj konkurencieschopnosti. Vlastnosti projektového manažéra. Projektový manažér a jeho funkcia v organizácii. Hodnotenie manažérov.
Gespeichert in:
| 1. Verfasser: | |
|---|---|
| Format: | Buchkapitel |
| Sprache: | Tschechisch |
| Schlagworte: | |
| Tags: |
Keine Tags, Fügen Sie das erste Tag hinzu!
|
MARC
| LEADER | 00000naa$a2200000$$$4500 | ||
|---|---|---|---|
| 001 | 0003222 | ||
| 005 | 20231004104327.7 | ||
| 041 | 0 | |a cze | |
| 044 | |a CZ | ||
| 245 | 1 | 0 | |a Vlastnosti projektového manažera ve stavební firmě |c aut. Kateřina Bočková |
| 520 | |a Hodnotenie konkurencieschopnosti stavebnej firmy. Projektové riadenie ako nástroj konkurencieschopnosti. Vlastnosti projektového manažéra. Projektový manažér a jeho funkcia v organizácii. Hodnotenie manažérov. | ||
| 610 | 2 | 0 | |a podnik stavebný |
| 610 | 2 | 0 | |a riadenie projektové |
| 610 | 2 | 0 | |a manažéri |
| 610 | 2 | 0 | |a hodnotenie pracovné |
| 610 | 2 | 0 | |a konkurencieschopnosť |
| 100 | 1 | |a Bočková, Kateřina | |